Harry Styles - Chansons - Statistiques

Statistiques générales
  • Ce quiz a été pris 3 935 fois
  • Le résultat moyen est 22 sur 37
Statistiques - réponses
Hint Réponse % Correct
Fine line
90%
As It Was
83%
Watermelon sugar
83%
Sign of the times
80%
Kiwi
78%
Matilda
76%
Fine line Golden
74%
Harry's House Music For a Sushi Restaurant
73%
Adore you
69%
Cherry
69%
Daylight
63%
Boyfriend
61%
Carolina
61%
Falling
61%
Love Of My Life
61%
Satellite
61%
She
60%
Daydreaming
58%
Cinema
57%
Grapejuice
56%
Late Night Talking
56%
Little Freak
56%
Treat people with kindness
56%
Two ghosts
56%
Harry Styles Meet me in the hallway
55%
Sweet creature
52%
Woman
52%
Non enregistré Medicine
51%
Only angel
51%
Ever since New York
50%
From the dining table
50%
Keep Driving
50%
Lights up
50%
Canyon Moon
49%
Anna
39%
To be so lonely
39%
Sunflower n°6
9%
Aucun quiz correspondant
Distribution des résultats
% des personnes avec chaque résultat
Percentile par nombre de réponses
Votre historique - résultats
Vous n’avez pas pris ce quiz